<?xml version="1.0" encoding="UTF-8"?>
<record
    xmlns:xsi="http://www.w3.org/2001/XMLSchema-instance"
    xsi:schemaLocation="http://www.loc.gov/MARC21/slim http://www.loc.gov/standards/marcxml/schema/MARC21slim.xsd"
    xmlns="http://www.loc.gov/MARC21/slim">

  <leader>02576nam a2200349 i 4500</leader>
  <controlfield tag="001">R9781003415589</controlfield>
  <controlfield tag="001">9781003415589</controlfield>
  <controlfield tag="003">EG-ScBUE</controlfield>
  <controlfield tag="005">20260405093758.0</controlfield>
  <controlfield tag="008">241212s2025    enk    f b    001 0 eng d</controlfield>
  <datafield tag="020" ind1=" " ind2=" ">
    <subfield code="z">9781032541846</subfield>
  </datafield>
  <datafield tag="040" ind1=" " ind2=" ">
    <subfield code="a">DLC</subfield>
    <subfield code="b">eng</subfield>
    <subfield code="e">rda</subfield>
    <subfield code="c">DLC</subfield>
    <subfield code="d">EG-ScBUE</subfield>
  </datafield>
  <datafield tag="082" ind1="0" ind2="4">
    <subfield code="a">746.92</subfield>
    <subfield code="2">22</subfield>
    <subfield code="b">FAS</subfield>
  </datafield>
  <datafield tag="245" ind1="0" ind2="0">
    <subfield code="a">Fashion trends and forecasting :</subfield>
    <subfield code="b">the fashion futurists' toolkit /</subfield>
    <subfield code="c">edited by Eunsuk Hur, Caroline Hemingray and Stephen Westland.</subfield>
  </datafield>
  <datafield tag="264" ind1=" " ind2="1">
    <subfield code="a">Abingdon, Oxon ;</subfield>
    <subfield code="a">New York, NY :</subfield>
    <subfield code="b">Routledge,</subfield>
    <subfield code="c">2025.</subfield>
  </datafield>
  <datafield tag="300" ind1=" " ind2=" ">
    <subfield code="a">xiii, 255 pages :</subfield>
    <subfield code="b">color illustrations ;</subfield>
    <subfield code="c">24 cm.</subfield>
  </datafield>
  <datafield tag="336" ind1=" " ind2=" ">
    <subfield code="a">text</subfield>
    <subfield code="b">txt</subfield>
    <subfield code="2">rdacontent</subfield>
  </datafield>
  <datafield tag="337" ind1=" " ind2=" ">
    <subfield code="a">computer</subfield>
    <subfield code="b">c</subfield>
    <subfield code="2">rdamedia</subfield>
  </datafield>
  <datafield tag="338" ind1=" " ind2=" ">
    <subfield code="a">online resource</subfield>
    <subfield code="b">cr</subfield>
    <subfield code="2">rdacarrier</subfield>
  </datafield>
  <datafield tag="490" ind1="0" ind2=" ">
    <subfield code="a">Mastering fashion management</subfield>
  </datafield>
  <datafield tag="504" ind1=" " ind2=" ">
    <subfield code="a">Includes bibliographical references and index.</subfield>
  </datafield>
  <datafield tag="520" ind1=" " ind2=" ">
    <subfield code="a">"Fashion Trends and Forecasting explores how designers, merchandisers, buyers, marketers and strategists use fashion trend forecasting to predict upcoming trends and understand past or current ones. It explains the importance of trend forecasting for businesses, and how technology such as Artificial Intelligence can help to advance it for the future. Addressing both macro and micro trends, including fashion styles, textiles, and colour trends as well as the impact of technology such as AI and the metaverse, the book offers guidance on how fashion students can address fast-changing consumer needs and demands, and identify wider shifts in the cultural, environmental, political and technological worlds. Case studies from globally-recognised organisations feature in every chapter, highlighting and contextualising theory for students. Discussion questions, further reading and exercises help facilitate class discussion and deeper understanding. Designed to equip the reader with Fashion Forecasting tools, methods and principles in an accessible and clear way, this text is recommended and core reading for students studying Fashion Forecasting, Fashion Buying and Fashion Marketing. Supplementary online resources include a short instructor's manual of points to be used for seminar discussions and chapter-by-chapter PowerPoint slides for instructors"--</subfield>
    <subfield code="c">Provided by publisher.</subfield>
  </datafield>
  <datafield tag="650" ind1=" " ind2="7">
    <subfield code="a">Clothing trade.</subfield>
    <subfield code="2">BUEsh</subfield>
  </datafield>
  <datafield tag="650" ind1=" " ind2="7">
    <subfield code="a">Fashion</subfield>
    <subfield code="x">Forecasting.</subfield>
    <subfield code="2">BUEsh</subfield>
  </datafield>
  <datafield tag="650" ind1=" " ind2="7">
    <subfield code="a">Fashion merchandising.</subfield>
    <subfield code="2">BUEsh</subfield>
  </datafield>
  <datafield tag="653" ind1=" " ind2=" ">
    <subfield code="c">April2026</subfield>
    <subfield code="b">ART</subfield>
  </datafield>
  <datafield tag="655" ind1=" " ind2=" ">
    <subfield code="v">Reading book</subfield>
  </datafield>
  <datafield tag="700" ind1="1" ind2=" ">
    <subfield code="a">Hur, Eunsuk,</subfield>
    <subfield code="e">editor.</subfield>
  </datafield>
  <datafield tag="700" ind1="1" ind2=" ">
    <subfield code="a">Hemingray, Caroline,</subfield>
    <subfield code="e">editor.</subfield>
  </datafield>
  <datafield tag="700" ind1="1" ind2=" ">
    <subfield code="a">Westland, Stephen,</subfield>
    <subfield code="e">editor.</subfield>
  </datafield>
  <datafield tag="942" ind1=" " ind2=" ">
    <subfield code="2">ddc</subfield>
    <subfield code="c">BB</subfield>
  </datafield>
  <datafield tag="999" ind1=" " ind2=" ">
    <subfield code="c">31151</subfield>
    <subfield code="d">31122</subfield>
  </datafield>
  <datafield tag="952" ind1=" " ind2=" ">
    <subfield code="0">0</subfield>
    <subfield code="1">0</subfield>
    <subfield code="2">ddc</subfield>
    <subfield code="4">0</subfield>
    <subfield code="7">0</subfield>
    <subfield code="8">Baccah</subfield>
    <subfield code="a">MAIN</subfield>
    <subfield code="b">MAIN</subfield>
    <subfield code="c">2ND</subfield>
    <subfield code="d">2026-04-05</subfield>
    <subfield code="e">Purchase</subfield>
    <subfield code="g">10636.00</subfield>
    <subfield code="h">40179</subfield>
    <subfield code="l">0</subfield>
    <subfield code="o">746.92 FAS</subfield>
    <subfield code="p">000057559</subfield>
    <subfield code="r">2026-04-05 00:00:00</subfield>
    <subfield code="v">13295.00</subfield>
    <subfield code="w">2026-04-05</subfield>
    <subfield code="y">BB</subfield>
  </datafield>
</record>
